NLSUI OPAC header image

To serve and to protect : Human rights and humanitarian law for police and security forces (Record no. 26992)

MARC details
000 -LEADER
fixed length control field 00462nam a2200157Ia 4500
008 - FIXED-LENGTH DATA ELEMENTS--GENERAL INFORMATION
fixed length control field 160316s1998 xxu||||| |||| 00| 0 eng d
082 ## - DEWEY DECIMAL CLASSIFICATION NUMBER
Classification number 341.650000
Item number ROV
100 ## - MAIN ENTRY--PERSONAL NAME
Personal name Rover C De
245 ## - TITLE STATEMENT
Title To serve and to protect : Human rights and humanitarian law for police and security forces
250 ## - EDITION STATEMENT
Edition statement
260 ## - PUBLICATION, DISTRIBUTION, ETC.
Place of publication, distribution, etc. Geneva
Name of publisher, distributor, etc. I C R C
Date of publication, distribution, etc. 1998
300 ## - PHYSICAL DESCRIPTION
Extent 455p
Other physical details
Dimensions
365 ## - TRADE PRICE
Price amount Gratis
650 ## - SUBJECT ADDED ENTRY--TOPICAL TERM
Topical term or geographic name entry element 1. Humanitarian Law - Police & Seucirty Forces
700 ## - ADDED ENTRY--PERSONAL NAME
Personal name
--
Holdings
Withdrawn status Lost status Damaged status Not for loan Home library Current library Shelving location Date acquired Total Checkouts Full call number Barcode Date last seen Price effective from Koha item type
        . . NAB Compactor 30.05.2017   341.65 ROV 24361 30.05.2017 30.05.2017 BOOKs